000 00421nam a2200157Ia 4500
008 210716s1994 xx 000 0 und d
020 _a8170293057
041 _aeng
082 _a005.268 JOHE
100 _aJohnson, Eric F;Richard, Kevin.
245 _aX window applications programming.
250 _a2
260 _aNew Delhi
_bBPB Publications
_c1994
300 _axxxi,564
650 _aMicrosoft Windows(005.269)
999 _c182784
_d182784